Регионална библиотека "Любен Каравелов" - Русе

Дни върху приклада (Запис номер 171689)

MARC детайли
000 -Лидер
Контролно поле с фиксирана дължина 01313nam a2200325 a 4500
003 - Код на организацията, давaща контролен номер
Контролно поле BLK
005 - Дата и час на последна редакция
Контролно поле 20241024111939.0
008 - Елементи от данни с фиксирана дължина
fixed length control field 180411b bul|||||r ||||||| ||bul||
010 ## - Наследен системен номер
LC control number KNG00179973000
040 ## - Източник на каталожния запис
Идентификатор на билиотеката - собственик на записа BLK
041 ## - Код за език
Код за езика на текст/звукозапис или на отделно заглавие Български
Код за езика КДБФ Български
080 ## - УДК
Текстов определител УДК Българска литература
УДК код - определител по УДК 821.163.2
УДК определител -1
УДК - код + определител 821.163.2-1
100 ## - Редна дума - Автор
Автор Пенев, Пеньо Митев
Дати, свързани с автора 1930 - 1959
Авторска отговорност първи автор
R(LIN) 258226
139 ## - Редно поле
Редна дума Пенев, Пеньо Митев
Авторски знак Пен - П 34
245 10 - Сведения за заглавието
Заглавие Дни върху приклада
Подзаглавни данни Войнишки дневник : Стихотворения и писма
Редно поле (дума) Пеньо Пенев; състав. и ред. Любен Георгиев
257 ## - Страна на издаване
Страна на създаване/издаване България
260 ## - Област на издателските данни
Име на издателя, разпространителя и проч. Държ. воен. изд.
Година на издаване 1972
Място на издаване, разпространение и проч. София
9 (RLIN) 215670
Информация за издателството ДВИ
300 ## - Физическа характеристика
Страници 295 с., 8 л. портр и факс
Размери/Мащаб 20 см
380 ## - Жанр
Жанр Худож. лит.
500 ## - Общи забележки
Забележка 15 100 тир.
700 1# - Други автори (авторска отговорност)
Лично име Георгиев, Любен
Автороска отговорност (Описва отношението между автора и произведението) състав. и ред.
Друга информация Христов, Любен Георгиев
9 (RLIN) 363917
852 ## - Местоположение
Форматна сигнатура Цб 63994
Фондова буква Хранилище
856 4# - Електронен адрес и достъп
Електронен формат pdf - файл
Инструкция (цена за достъп) 0.00
Права за достъп disable
856 4# - Електронен адрес и достъп
Електронен формат pdf - файл
Инструкция (цена за достъп) 0.00
Права за достъп disable
999 ## - СИСТЕМНИ КОНТРОЛНИ НОМЕРА
Koha biblionumber 171689
Koha biblioitemnumber 171689
942 ## - АРТИКУЛИ
Вид на библиотечния материал Книги
Скрит в OPAC Не
Периодичен библиозапис Да
Koha issues (borrowed), all copies 1
944 ## - СЪЗДАВАНЕ И РЕДАКЦИЯ на ЗАПИСА
Създаване/Редакция Създаване
Дата на регистрацията/редакция 18.08.2015
Служител, извършил регистрацията/редакцията 30545
Статус, дата на статуса Нора Радева
944 ## - СЪЗДАВАНЕ И РЕДАКЦИЯ на ЗАПИСА
Създаване/Редакция Редакция
Дата на регистрацията/редакция 18.08.2015
Служител, извършил регистрацията/редакцията Наталия_Любомирова
999 ## - СИСТЕМНИ КОНТРОЛНИ НОМЕРА
Koha biblioitemnumber 171689
999 ## - СИСТЕМНИ КОНТРОЛНИ НОМЕРА
Koha biblioitemnumber 171689
Наличности
Код за отписване Код за изгубен артикул Източник на класификационната схема Код за повреда Коз за рестрикции Код за отдаване Артикулен № Име на библиотеката - собственик Име на библиотеката, в която се намира в момента Статус (Текущо местоположение) Дата на вписване в системата Местоположение - отдел Цена в лева Инвентарен номер Систематично азбучна сигнатура Баркод Номер на екземпляра Цена в евро Служебна бележка Служебен тип на артикула Бележка за публиката
  Не е изгубен Universal Decimal Classification Не е повреден само за читалня ползва се в читалня 291988 Регионална библиотека "Любен Каравелов" Русе Регионална библиотека "Любен Каравелов" Русе Хранилище 1972-01-01 Хранилище 1.24 125592 Цб 63994 120000125592 1 0.63 N: стар фонд Дата: 01.01.1972 Книги  
Изтеглен Не е изгубен   Не е повреден без рестрикции заемане за дома 291989 Регионална библиотека "Любен Каравелов" Русе Регионална библиотека "Любен Каравелов" Русе   1972-01-01 Заемна - подръчен фонд 1.24 121340 П 886.7-1/П 34 121340 2 0.63 N: стар фонд Дата: 01.01.1972 Книги Отч.N: 28/2018 , Дата: 28.03.2018
Изтеглен Не е изгубен   Не е повреден без рестрикции заемане за дома 291990 Регионална библиотека "Любен Каравелов" Русе Регионална библиотека "Любен Каравелов" Русе   1972-01-01 Заемна - подръчен фонд 1.24 121342 П 886.7-1/П 34 121342 3 0.63 N: стар фонд Дата: 01.01.1972 Книги Отч.N: 28/2018 , Дата: 28.03.2018
Изтеглен Не е изгубен Universal Decimal Classification Не е повреден без рестрикции заемане за дома 291991 Регионална библиотека "Любен Каравелов" Русе Регионална библиотека "Любен Каравелов" Русе Заемна - подръчен фонд 1972-01-01 Заемна - подръчен фонд 1.24 121345 П 886.7-1/П 34 121345 4 0.63 N: стар фонд Дата: 01.01.1972 Дата инв: 21.03.2018 Бележки инв: П2018 Книги  
Vip Innovations Ltd, Rousse, Bulgaria 2025